00376nam a2200133Ia 4500003000400000005001700004008004100021040001800062041000800080100003700088110001800125245007900143260002000222OSt20230525145704.0211028s2018 xx 000 0 und d cAIMIT LIBRARY aeng aPallavi; Nausheeda, B S.e161923 aNausheeda B S aResource management system an internal application for HR/employee/admins. aMangaluruc2018